01133nam a2200181 a 4500020002700000020003000027082001200057100001700069245004500086250001200131260005900143300001300202520061700215650001400832700001600846700002000862856006900882 a0073221066 (hardcover) a9780073221069 (hardcover) a540 BAU1 aBauer, Rich.12aA conceptual introduction to chemistry / a1st ed. a[S.l.] :bMcGraw-Hill Science/Engineering/Math,c2006. a647 p. ; aA Conceptual Introduction to Chemistry by Bauer/Birk/Marks offers today’s student a fresh perspective to the introduction of chemistry. This new textbook offers a conceptual approach to chemistry by starting first with macroscopic phenomena, and then presenting the underlying microscopic detail. Each chapter opens with a real-life scenario that helps students connect abstract chemical concepts to their own lives. The math found in A Conceptual Introduction to Chemistry is introduced on a need-to-know basis, with "Math Toolboxes" ending each chapter, in support of the math skills required in that chapter achemistry aBirk, James aMarks, Pamela S uhttp://www.amazon.com/exec/obidos/ASIN/0073221066/chopaconline-2